| 000 | 00475nam a22001577a 4500 | ||
|---|---|---|---|
| 003 | OSt | ||
| 005 | 20211118165905.0 | ||
| 008 | 211118b ||||| |||| 00| 0 eng d | ||
| 040 | _cAIMIT LIBRARY | ||
| 082 | _a658.4092 MITK | ||
| 100 |
_aDutta, Abhijit;Apshankar, Kedar. _eAbhijit,Dutta;Kedar,Apshankar _910640 |
||
| 245 |
_aConnecting across generations. _b32nd National Management Convention |
||
| 260 |
_aNew Delhi _bExcel Multimedia |
||
| 650 | _2AIMA | ||
| 942 |
_2ddc _cCD |
||
| 999 |
_c220690 _d220690 |
||